[Event "IECC CL5-2010.06 email"]
[Site "IECC email"]
[Date "2010.05.23"]
[Round "?"]
[White "Azzi, Ricardo Gurgel"]
[Black "Elias Rivas, Fernando"]
[Result "1/2-1/2"]
[WhiteElo "1501"]
[BlackElo "1597"]
[PlyCount "43"]
[EventDate "2010.??.??"]
[EventType "tourn (corr)"]
[EventRounds "4"]
[SourceTitle "Telechess CBM 149"]
[Source "ChessBase"]
[SourceDate "2012.07.17"]
[SourceVersion "1"]
[SourceVersionDate "2012.07.17"]
[SourceQuality "1"]
[WhiteTeam "Brazil"]
[BlackTeam "Spain"]
[WhiteTeamCountry "BRA"]
[BlackTeamCountry "ESP"]

1. b3 e5 2. Bb2 Nc6 3. e3 g6 4. Nf3 Bg7 5. d3 d5 6. Be2 Nge7 7. 0-0 0-0 8. e4 d4 9. Nbd2 b5 10. c4 b4 11. a3 a5 12. a4 Qd6 13. h3 Nd8 14. Nh2 Ne6 15. Re1 Nf4 16. Bf1 Bd7 17. Rc1 c5 18. Ndf3 Rad8 19. Rc2 h5 20. Bc1 Qf6 21. Kh1 Kh7 22. Ng1 1/2-1/2

[Event "IECC CL5-2008.04 email"]
[Site "IECC email"]
[Date "2008.04.06"]
[Round "?"]
[White "Elias Rivas, Fernando"]
[Black "Renze, John"]
[Result "1-0"]
[WhiteElo "1590"]
[BlackElo "1220"]
[PlyCount "43"]
[EventDate "2008.??.??"]
[EventType "tourn (corr)"]
[EventRounds "4"]
[SourceTitle "Corr 2013"]
[Source "ChessBase"]
[SourceDate "2012.11.12"]
[SourceVersion "1"]
[SourceVersionDate "2012.11.12"]
[SourceQuality "1"]
[WhiteTeam "Ireland"]
[BlackTeam "Italy"]
[WhiteTeamCountry "IRL"]
[BlackTeamCountry "ITA"]

1. d4 Nf6 2. c4 e6 3. Nf3 Bb4+ 4. Nbd2 0-0 5. a3 Be7 6. e4 d5 7. e5 Nfd7 8. Bd3 c5 9. cxd5 exd5 10. 0-0 cxd4 11. Nb3 Nc6 12. Re1 Re8 13. Nbxd4 Nxd4 14. Nxd4 Bc5 15. Nf3 Nb6 16. Qc2 Be7 17. Bxh7+ Kh8 18. Bf5 Bxf5 19. Qxf5 g6 20. Qxf7 Rg8 21. Be3 Nc4 22. Bd4 1-0

[Event "IECC CL5-2007.09 email"]
[Site "IECC email"]
[Date "2007.06.01"]
[Round "?"]
[White "Kinna, Michael"]
[Black "Elias Rivas, Fernando"]
[Result "0-1"]
[WhiteElo "1578"]
[BlackElo "1518"]
[PlyCount "94"]
[EventDate "2007.??.??"]
[EventType "tourn (corr)"]
[EventRounds "4"]
[SourceTitle "Corr 2011"]
[Source "ChessBase"]
[SourceDate "2010.08.31"]
[SourceVersion "1"]
[SourceVersionDate "2010.08.31"]
[SourceQuality "1"]
[WhiteTeam "Italy"]
[BlackTeam "Chile"]
[WhiteTeamCountry "ITA"]
[BlackTeamCountry "CHI"]

1. d4 Nf6 2. c4 b6 3. Nc3 Bb7 4. Qc2 d5 5. cxd5 Nxd5 6. e4 Nxc3 7. bxc3 e6 8. Nf3 Nd7 9. Bd3 Be7 10. 0-0 0-0 11. e5 h6 12. Qe2 c5 13. Bb2 Rc8 14. Rac1 cxd4 15. cxd4 Nb8 16. Rxc8 Qxc8 17. Rc1 Qd7 18. Bb5 Nc6 19. Qe4 Rc8 20. Bd3 g6 21. Qf4 Nb4 22. Rxc8+ Qxc8 23. Bb1 Qc4 24. a3 Qe2 25. Qd2 Bxf3 26. Qxe2 Bxe2 27. axb4 Bxb4 28. f3 Bc4 29. Kf2 a5 30. Bc2 b5 31. Bc1 Kg7 32. h4 a4 33. g4 a3 34. Be4 a2 35. Bb2 Ba3 36. Ba1 b4 37. Bc2 b3 38. Bxb3 Bxb3 39. Kg3 Kf8 40. h5 gxh5 41. gxh5 Bc1 42. Kg4 Ke7 43. f4 Kd7 44. f5 exf5+ 45. Kxf5 Kc6 46. Ke4 Bc2+ 47. Kf3 Kd5 0-1

[Event "IECC CL5-2007.01 email"]
[Site "IECC email"]
[Date "2007.02.01"]
[Round "?"]
[White "Elias Rivas, Fernando"]
[Black "Vio, Mauro"]
[Result "0-1"]
[WhiteElo "1501"]
[BlackElo "1603"]
[PlyCount "48"]
[EventDate "2007.??.??"]
[EventType "tourn (corr)"]
[EventRounds "4"]
[SourceTitle "Corr 2008"]
[Source "ChessBase"]
[SourceDate "2008.06.24"]
[SourceVersion "1"]
[SourceVersionDate "2008.06.24"]
[SourceQuality "1"]
[WhiteTeam "Spain"]
[BlackTeam "Italy"]
[WhiteTeamCountry "ESP"]
[BlackTeamCountry "ITA"]

1. d4 d5 2. c3 Nf6 3. Bg5 Ne4 4. Bh4 g5 5. Bg3 h5 6. Qa4+ Bd7 7. Qa5 Nxg3 8. hxg3 e6 9. b4 Nc6 10. Qa3 a5 11. Qb2 axb4 12. e3 bxc3 13. Nxc3 Ba3 14. Qb3 Bb4 15. a3 e5 16. Nf3 exd4 17. Nxd4 Nxd4 18. exd4 c5 19. dxc5 Qa5 20. Kd2 Bxc5 21. Qxd5 0-0-0 22. Bd3 Be6 23. Qxg5 Rd5 24. Qf4 Rhd8 0-1

[Event "IECC TH-M-2604"]
[Site "IECC email"]
[Date "2006.03.06"]
[Round "?"]
[White "Seep, Elmar"]
[Black "Elias Rivas, Fernando"]
[Result "0-1"]
[WhiteElo "1298"]
[BlackElo "1396"]
[PlyCount "48"]
[EventDate "2006.??.??"]
[EventType "tourn (corr)"]
[SourceTitle "Corr 2020"]
[Source "ChessBase"]
[SourceDate "2019.09.30"]
[SourceVersion "1"]
[SourceVersionDate "2019.09.30"]
[SourceQuality "1"]
[WhiteTeam "Estonia"]
[BlackTeam "Spain"]
[WhiteTeamCountry "EST"]
[BlackTeamCountry "ESP"]

1. e4 e5 2. Nf3 Nc6 3. Bc4 Bc5 4. b4 Bxb4 5. c3 Bc5 6. d4 exd4 7. cxd4 Bb4+ 8. Bd2 Bxd2+ 9. Nbxd2 d6 10. 0-0 Na5 11. Qa4+ c6 12. Bd3 Ne7 13. Nc4 Nxc4 14. Qxc4 0-0 15. e5 Bg4 16. Ng5 h6 17. Nh7 Re8 18. d5 Bf5 19. Bxf5 Nxf5 20. Qg4 Rxe5 21. dxc6 bxc6 22. Rae1 Qe7 23. Qxf5 Rxe1 24. Nf6+ gxf6 0-1

[Event "IECC CL6-2005.07 email"]
[Site "IECC email"]
[Date "2005.04.26"]
[Round "?"]
[White "Elias Rivas, Fernando"]
[Black "Mallet, Bruno"]
[Result "1-0"]
[WhiteElo "1338"]
[BlackElo "1392"]
[PlyCount "31"]
[EventDate "2005.??.??"]
[EventType "tourn (corr)"]
[EventRounds "4"]
[SourceTitle "Corr 2015"]
[Source "ChessBase"]
[SourceDate "2015.07.17"]
[SourceVersion "1"]
[SourceVersionDate "2015.07.17"]
[SourceQuality "1"]

1. e4 c5 2. Nf3 d6 3. Nc3 Nc6 4. d4 cxd4 5. Nxd4 Nf6 6. Bg5 e6 7. Qd2 a6 8. 0-0-0 h6 9. Be3 Be7 10. f4 Nxd4 11. Bxd4 b5 12. Be2 b4 13. Na4 Rb8 14. Bxf6 gxf6 15. b3 Qa5 16. Kb1 1-0

[Event "P-3460"]
[Site "IECC email"]
[Date "2003.08.29"]
[Round "?"]
[White "Elias Rivas, Fernando"]
[Black "Del Pozo, Jose Maria"]
[Result "1/2-1/2"]
[WhiteElo "1275"]
[BlackElo "1881"]
[PlyCount "129"]
[EventDate "2003.??.??"]
[EventType "tourn (corr)"]
[SourceTitle "Corr 2020"]
[Source "ChessBase"]
[SourceDate "2019.09.30"]
[SourceVersion "1"]
[SourceVersionDate "2019.09.30"]
[SourceQuality "1"]
[WhiteTeam "Spain"]
[BlackTeam "Spain"]
[WhiteTeamCountry "ESP"]
[BlackTeamCountry "ESP"]

1. d4 e6 2. c4 f5 3. Nc3 Nf6 4. Bg5 Be7 5. e3 0-0 6. Bd3 Nc6 7. Nf3 d6 8. 0-0 Bd7 9. a3 Qe8 10. b4 h6 11. Bf4 g5 12. Bg3 Nh5 13. d5 Nd8 14. Nd4 e5 15. Ndb5 Qf7 16. Be2 Nxg3 17. hxg3 a6 18. Nxc7 Rc8 19. Ne6 Nxe6 20. dxe6 Bxe6 21. Nd5 Bxd5 22. Bh5 Qe6 23. cxd5 Qd7 24. Qd2 Bf6 25. Rac1 b5 26. Rxc8 Rxc8 27. Rc1 e4 28. Rc2 Rc4 29. Be2 Rxc2 30. Qxc2 Bd8 31. g4 Qc7 32. Qxc7 Bxc7 33. gxf5 Bd8 34. g4 Bf6 35. Bd1 Bb2 36. a4 bxa4 37. Bxa4 Kf7 38. Bc2 Bc3 39. Bxe4 Bxb4 40. Bc2 Kf6 41. Kf1 Ke5 42. Bb3 Bc3 43. Ke2 a5 44. Kd3 Bb2 45. Kc2 Ba1 46. f3 a4 47. Bxa4 Kxd5 48. Kd3 Ke5 49. Kc4 Bb2 50. Bc6 Bc1 51. Kd3 Bb2 52. Bd7 d5 53. Ba4 Ba3 54. Bc6 Bc5 55. f6 Kxf6 56. Bxd5 Ke5 57. Bc4 Ba3 58. Ke2 Bc5 59. Kf2 Bb6 60. Ke2 Bc5 61. Kd3 Bd6 62. Bb3 Bc5 63. e4 Bb4 64. Kc4 Bd6 65. Bd1 1/2-1/2

[Event "Liape ch-1 zone-B gr-06 email"]
[Site "Liape email"]
[Date "2003.01.01"]
[Round "2"]
[White "Cuttica, Gerardo Axel"]
[Black "Elias Rivas, Fernando"]
[Result "1-0"]
[WhiteElo "1631"]
[BlackElo "1616"]
[PlyCount "77"]
[EventDate "2003.??.??"]
[EventType "tourn (corr)"]
[EventRounds "6"]
[EventCountry "ARG"]
[SourceTitle "Corr 2006"]
[Source "ChessBase"]
[SourceDate "2006.04.01"]
[SourceVersion "3"]
[SourceVersionDate "2006.04.01"]
[SourceQuality "1"]

1. e4 e5 2. Nf3 Nc6 3. d4 exd4 4. Nxd4 Nf6 5. Nxc6 bxc6 6. e5 Qe7 7. Qe2 Nd5 8. c4 Ba6 9. b3 Nb6 10. Ba3 Qh4 11. Bb2 Bb4+ 12. Nd2 0-0 13. a3 Bxd2+ 14. Qxd2 f6 15. exf6 Rae8+ 16. Kd1 gxf6 17. f3 Re6 18. g3 Qh5 19. g4 Qg5 20. Kc2 Rfe8 21. Qxg5+ fxg5 22. h4 Rf8 23. hxg5 Rxf3 24. Bd3 Rf2+ 25. Kc1 Re7 26. Bf6 Ree2 27. Bxh7+ Kf8 28. Rb1 Rg2 29. Rb2 Rxb2 30. Bxb2 Bxc4 31. bxc4 Rxg4 32. Bf6 Rxc4+ 33. Kd2 Kf7 34. Bf5 Nd5 35. Rh7+ Kg8 36. Be5 Kf8 37. g6 Ne7 38. Bf6 Rd4+ 39. Bxd4 1-0

[Event "IECC Swiss email"]
[Site "IECC email"]
[Date "2002.11.14"]
[Round "?"]
[White "Pinkerton, Nick J"]
[Black "Elias Rivas, Fernando"]
[Result "1-0"]
[WhiteElo "1909"]
[BlackElo "1275"]
[PlyCount "151"]
[EventDate "2002.??.??"]
[EventType "tourn (corr)"]
[EventRounds "6"]
[SourceTitle "Corr 2008"]
[Source "ChessBase"]
[SourceDate "2008.06.24"]
[SourceVersion "1"]
[SourceVersionDate "2008.06.24"]
[SourceQuality "1"]

1. d4 Nf6 2. c4 d6 3. Nc3 e5 4. Nf3 Nbd7 5. e4 Be7 6. Be2 c6 7. 0-0 0-0 8. Re1 Re8 9. Bf1 Qc7 10. a3 a5 11. Rb1 Nf8 12. h3 Bd7 13. d5 Ng6 14. Be3 Rab8 15. b4 axb4 16. axb4 Ra8 17. Qd3 h6 18. Ra1 Nf4 19. Qd2 Ng6 20. dxc6 bxc6 21. b5 Qb7 22. bxc6 Qxc6 23. Bd3 Reb8 24. Nd5 Bd8 25. Ra2 Rxa2 26. Qxa2 Ra8 27. Qb2 Nf8 28. Rb1 Ne6 29. Nd2 Nc5 30. Bc2 Be6 31. f4 exf4 32. Bxf4 Ncd7 33. Qd4 Ra5 34. Bd3 Nh5 35. Bh2 Ra6 36. Kh1 Nhf6 37. Nb4 Qb6 38. Nf3 Qxd4 39. Nxd4 Rb6 40. Nbc6 Rxb1+ 41. Bxb1 Bc7 42. Nb5 Bb6 43. Nxd6 Kf8 44. Nb4 Bc5 45. Nd5 Ne8 46. Nb7 Ba3 47. Bd3 f6 48. g4 g6 49. Kg2 g5 50. Bc2 Nc5 51. Nxc5 Bxc5 52. Bg1 Bxg1 53. Kxg1 Bd7 54. c5 Bb5 55. Bb3 Bd3 56. c6 Bxe4 57. c7 Nd6 58. Nb6 h5 59. c8Q+ Nxc8 60. Nxc8 hxg4 61. hxg4 Bc6 62. Be6 Ke8 63. Kf2 Bd7 64. Nd6+ Ke7 65. Bxd7 Kxd6 66. Bf5 Ke5 67. Ke3 Kd5 68. Kd3 Ke5 69. Kc4 Kd6 70. Kd4 Ke7 71. Kd5 Kf7 72. Kd6 Kg7 73. Ke7 Kh6 74. Bd7 Kg7 75. Be8 Kh7 76. Kxf6 1-0

[Event "IECC CL7-2002.25"]
[Site "IECC email"]
[Date "2002.11.13"]
[Round "?"]
[White "Mathes, Christian"]
[Black "Elias Rivas, Fernando"]
[Result "1/2-1/2"]
[WhiteElo "1187"]
[BlackElo "1181"]
[PlyCount "44"]
[EventDate "2002.??.??"]
[EventType "tourn (corr)"]
[EventRounds "4"]
[SourceTitle "Corr 2008"]
[Source "ChessBase"]
[SourceDate "2008.06.24"]
[SourceVersion "1"]
[SourceVersionDate "2008.06.24"]
[SourceQuality "1"]

1. c4 Nf6 2. Nc3 e6 3. e4 d5 4. e5 d4 5. exf6 dxc3 6. bxc3 Qxf6 7. Nf3 c5 8. d4 h6 9. Bd3 Nc6 10. 0-0 cxd4 11. cxd4 Nxd4 12. Nxd4 Qxd4 13. Rb1 b6 14. Bb2 Qf4 15. g3 Qc7 16. Re1 Bb7 17. Be4 Bxe4 18. Rxe4 Rd8 19. Qa4+ Qd7 20. Qc2 Qd3 21. Qa4+ Qd7 22. Qc2 Qd3 1/2-1/2

[Event "IECC CL6-2002.16a"]
[Site "IECC email"]
[Date "2002.05.05"]
[Round "?"]
[White "Karadi, Kazmer"]
[Black "Elias Rivas, Fernando"]
[Result "0-1"]
[WhiteElo "1161"]
[BlackElo "1145"]
[PlyCount "40"]
[EventDate "2002.??.??"]
[EventType "tourn (corr)"]
[EventRounds "4"]
[SourceTitle "Corr 2008"]
[Source "ChessBase"]
[SourceDate "2008.06.24"]
[SourceVersion "1"]
[SourceVersionDate "2008.06.24"]
[SourceQuality "1"]

1. Nc3 d5 2. d4 f5 3. f4 Nf6 4. e3 c5 5. Bb5+ Bd7 6. Qe2 e6 7. Nf3 a6 8. Bxd7+ Nbxd7 9. Ne5 Be7 10. 0-0 0-0 11. Nxd7 Qxd7 12. e4 cxd4 13. e5 dxc3 14. exf6 Bxf6 15. g4 cxb2 16. Rb1 bxc1Q 17. Rfxc1 fxg4 18. Qxg4 Rac8 19. Rb6 Bd4+ 20. Kg2 Bxb6 0-1

[Event "IECG CF.2001.0.00008 email"]
[Site "IECG email"]
[Date "2001.08.20"]
[Round "?"]
[White "Elias Rivas, Fernando"]
[Black "Prieto, Carlos"]
[Result "0-1"]
[WhiteElo "1111"]
[BlackElo "1144"]
[PlyCount "52"]
[EventDate "2001.08.20"]
[EventType "tourn (corr)"]
[EventRounds "6"]
[SourceTitle "Corr 2008"]
[Source "ChessBase"]
[SourceDate "2008.06.24"]
[SourceVersion "1"]
[SourceVersionDate "2008.06.24"]
[SourceQuality "1"]

1. b4 f5 2. Bb2 Nf6 3. Nf3 e5 4. e3 e4 5. Nd4 Bxb4 6. Nxf5 0-0 7. Ng3 d5 8. Be2 c5 9. c4 d4 10. 0-0 d3 11. Bh5 g6 12. Nc3 Bxc3 13. Bxc3 gxh5 14. Nxh5 Nbd7 15. Nf4 Nb6 16. f3 Bf5 17. fxe4 Nxe4 18. Nh5 Nxc3 19. dxc3 Qe7 20. Rf4 Qxe3+ 21. Kh1 Rad8 22. Qf1 d2 23. Rd1 Bd3 24. Rxf8+ Rxf8 25. Nf6+ Rxf6 26. Qxf6 Qe1+ 0-1

[Event "IECC CL6-2001.15"]
[Site "IECC email"]
[Date "2001.05.07"]
[Round "?"]
[White "Corthals, Ivo"]
[Black "Elias Rivas, Fernando"]
[Result "1-0"]
[WhiteElo "1411"]
[BlackElo "1107"]
[PlyCount "65"]
[EventDate "2001.??.??"]
[EventType "tourn (corr)"]
[EventRounds "4"]
[SourceTitle "Corr 2008"]
[Source "ChessBase"]
[SourceDate "2008.06.24"]
[SourceVersion "1"]
[SourceVersionDate "2008.06.24"]
[SourceQuality "1"]

1. d4 Nf6 2. c4 e6 3. Nf3 b6 4. a3 Bb7 5. Nc3 Be7 6. d5 0-0 7. e4 exd5 8. exd5 Re8 9. Be2 d6 10. 0-0 Nbd7 11. Nd4 Ne5 12. b3 Ng6 13. Nf5 Nd7 14. Nxe7+ Rxe7 15. Bg5 f6 16. Be3 Nde5 17. Bc1 Bc8 18. Nb5 Bf5 19. Nd4 Qd7 20. Ra2 Rae8 21. f4 Nf7 22. Nc6 Re4 23. g4 Rxe2 24. Rxe2 Rxe2 25. gxf5 Re4 26. fxg6 hxg6 27. Nxa7 Nh6 28. Nb5 Nf5 29. Qg4 Qe7 30. Qxg6 Nh4 31. Qg3 Re2 32. Qxh4 Qe4 33. Qg3 1-0

[Event "IECG Q3.2000.0.00082"]
[Site "IECG email"]
[Date "2000.08.08"]
[Round "?"]
[White "MacFarlane, Martin"]
[Black "Elias Rivas, Fernando"]
[Result "0-1"]
[WhiteElo "1225"]
[BlackElo "1096"]
[PlyCount "24"]
[EventDate "2000.08.08"]
[EventType "tourn (corr)"]
[EventRounds "6"]
[SourceTitle "Corr 2008"]
[Source "ChessBase"]
[SourceDate "2008.06.24"]
[SourceVersion "1"]
[SourceVersionDate "2008.06.24"]
[SourceQuality "1"]

1. c4 e5 2. g3 d5 3. cxd5 Qxd5 4. Nf3 e4 5. Nc3 Qc6 6. Ne5 Qe6 7. Qa4+ Nd7 8. d4 exd3 9. Nxd3 Bd6 10. Nb5 Ngf6 11. Bf4 Bxf4 12. Qxf4 Nd5 0-1